The worlds Hardest London Underground Quiz - Statistics

General Stats
  • This quiz has been taken 4,366 times
    4,327 since last reset
  • The average score is 40 of 115
Answer Stats
Hint Answer % Correct
Coloured Brown on the tube map Bakerloo Line
96%
Coloured Black on the tube map Northern Line
96%
Busiest Line | Coloured Red on the tube map Central Line
95%
Coloured Green on the tube map | Line with the Most stations District Line
94%
Coloured Grey on the tube map | Only Line to connect to all other lines Jubilee Line
94%
Coloured Light Blue on the tube map Victoria Line
94%
Coloured Dark Blue on the tube map Piccadilly Line
92%
Coloured Yellow on the tube map Circle Line
90%
There are 2 instances of 2 separate stations that share names with each other - name one Edgware Road & Hammersmith
90%
First Line Opened Hammersmith & City Line
90%
Busiest Station Waterloo
89%
Deepest Station Below Sea Level Waterloo (Northern Line)
89%
Coloured Purple on the tube map Metropolitan Line
81%
Coloured Pink on the tube map Hammersmith & City Line
78%
Coloured Turquoise on the tube map | Least Busiest Line | Line with the Least stations | Only Line that is WHOLLY underground Waterloo & City Line
73%
Newest Line Opened Waterloo & City Line (Transferred to Underground in 1994)
73%
Name one of the 2 stations that is located within the same complex Monument & Bank
60%
City Station is now known as Bank
58%
Deepest station underground in central London Bank (DLR Platforms)
58%
Only Station on the Victoria line that is not an interchange | Only Station to not contain any letters in the word BADGER Pimlico
53%
Total amount of Lines 11
49%
Furthest Station South | Longest continuous tunnel is between Morden
47%
Amount of Stations OUTSIDE the M25 Boundary 5
43%
Highest Station Above Sea Level Amersham
43%
Furthest Station North | Furthest Station West | Least Used Station on the Metropolitan Line | Longest Distance on the Network is Between...? Chesham
43%
Embankment was originally called | Original Terminus For the Jubilee Line Charing Cross
42%
Shortest Distance between 2 stations is between? Covent Garden
42%
Amount of London Boroughs NOT served by an Underground Station 7 (6 in South London)
41%
Longest Escalator is located at Angel
40%
Furthest Station East Upminster
39%
Shortest Distance between 2 stations is between? Leicester Square
38%
Either of the 2 stations where the doors open on BOTH SIDES simultaneously Stratford (Westbound) & Barking (Eastbound)
36%
Station served by most Underground lines King's Cross St. Pancras
35%
Busiest Station that is NOT a Mainline Station as well Oxford Circus
35%
Station with the most platforms Baker Street
34%
Longest Journey Without change is between which two stations? Epping
34%
Name either of the 2 original termini on the Underground Paddington & Farringdon
34%
Least Used Station on the Victoria Line Blackhorse Road
33%
Least Used Station Roding Valley
31%
Shortest Escalator is located at Stratford
31%
Amount of Stations that use escalators ONLY 12
30%
Deepest Station Underground Hampstead
30%
Least Used Station on the Northern Line | Station with only 1 track and 1 platform Mill Hill East
28%
Bishopsgate is now known as Liverpool Street
27%
Only station that begins with I Ickenham
26%
Amount of stations outside London 14
25%
Person who invented the Tube Map Harry Beck
25%
Name one of the 2 Branches of the Northern Line Charing Cross Branch (West End Branch) & City Branch (Bank Branch)
24%
Gillespie Road is now known as Arsenal
23%
Longest Journey Without change is between which two stations? West Ruislip
22%
Only Mainline Rail Terminus that Doesn't have an interchange with an Underground station Fenchurch Street
21%
Total length of Cut-and-Cover Tunnel 32km
19%
First Station alphabetically Acton Town
19%
Amount of stations that us lifts ONLY 19
18%
Amount of Stations served by the London Underground 270
17%
Busiest Station that is served by 1 line ONLY Canary Wharf
17%
Great Central is now known as Marylebone
17%
Amount of Stations served in south London 28
15%
Eastcheap is now known as Monument
15%
Longest Distance between 2 stations UNDERGROUND is between? Seven Sisters
15%
Least Used Station on the Jubilee Line Canons Park
14%
Name either of the two stations that contain all five vowels in its name South Ealing & Mansion House
14%
Charing Cross was originally called Trafalgar Square
14%
The fictional station used in the soap opera EastEnders Walford East
14%
Least Used Station on the Bakerloo Line South Kenton
13%
Only Station to not contain any letters in the word MACKEREL St. John's Wood
13%
Least Used Station on the District Line Upminster Bridge
13%
First Escalator Installed at Earl's Court
12%
Least Used Station on the Hammersmith & City Line Goldhawk Road
12%
Only station to still use wooden escalators Greenford
12%
Mark Lane is now known as Tower Hill
12%
Newest Station (as of 2014) Wood Lane
12%
Longest Distance between 2 stations UNDERGROUND is between? Finsbury Park
11%
Original Name for the Jubilee Line Fleet Line
11%
Only station with cross platform interchange between a Tube & Sub Surface line UNDERGROUND Mile End
11%
Only station whose name is shared by the London & Paris Metros Temple
11%
Longest continuous tunnel is between East Finchley
10%
Only London Borough in North London NOT served by an Underground Station Hackney
10%
Last Station alphabetically Woodside Park
10%
Longest Distance on the Network is between...? Chalfont & Latimer
9%
Least Used Station on the Piccadilly Line North Ealing
8%
What station does it appear to replace on the tube maps? Bromley-by-bow
7%
Notting Hill is now known as Ladbroke Grove
7%
Name one of the 2 original Paddington Names Praed Street & Bishop's Road
7%
Proposed Name for the Victoria Line Viking Line
7%
Financier who became famous for amalgamating the underground network Charles Tyson Yerkes
6%
Station on the Northern Line That was Built but never opened North End (Bull & Bush)
6%
St. Pauls was originally called Post Office
6%
Person credited with designing the famous Underground font Samuel Johnston
6%
Highest Point above ground Dollis Brook Viaduct
5%
What is odd about the Circle Line? It is a Spiral
5%
Original Nickname for the Central Line Twopenny Tube
5%
Total Length of Line 402km
4%
The first Underground baby was born at Elephant & Castle
4%
The first Underground Station that was demolished or re-sited Westbourne Park
4%
Total length of Tube Tunnel 150km
3%
Total amount of lifts 164
2%
Original Name for the Bakerloo Line Baker Street & Waterloo Railway
2%
MP credited with the idea of a subterranean railway for London Charles Pearson
2%
Person whose recording originally (and at most stations still does) announce the Mind the Gap announcements Peter Lodge
2%
Total Amount of escalators 462
1%
Deepest Point below ground Holly Bush Hill
1%
No matching quizzes found
Score Distribution
Percent of People with Each Score
Percentile by Number Answered
Your Score History
You have not taken this quiz since the last reset